000 00622nam a22001817a 4500
003 UA-OsUOA
001 17327
007 ta
008 20040221b un ||||| |||| 00| 0 ukr d
100 _aЯковенко В.
942 _cSA
040 _aUA-OsUOA
_cUA-OsUOA
_dUA-OsUOA
245 _aПідсумки роботи галузей народногосподарського комплексу Корецького району за 2003 рік
300 _aС.2-6
955 _a0
773 0 _w0
_tВісті Кореччини
_dКорець
_d2004
_g№11/12/7 лют./
650 7 _aКраєзнавча робота
_2UDC
999 _c303495
_d303495